000
00241nam a22000857a 4500
008
170603b xxu||||| |||| 00| 0 eng d
100
_9
3241
_a
Prism Publisher
245
_a
Big Book of Grandpa moral stories
260
_a
New delhi
_b
Prism Stories
_c
1997
999
_c
6555
_d
6555